00458cam a2200133 a 4500001000800000005001700008008004100025040001800066082002100084245016000105260003600265300001300301650001000314231270820231211031010.0930415s1979 ii b 000 0 eng  aDLCcDLCdDLC00a305.4/09549222004aThe Situation of women in Bangladesh /cedited by Women for Women, Research and Study Group at the request of Women's Development Programme, UNICEF, Dacca. aDacca.bWomen for Women,c1979. a454 p. ; 0aWomen